[Event "Montreal Pere Noel U1500"]
[Site "Montreal"]
[Date "2016.12.26"]
[Round "1.43"]
[White "Paquin, Robbie"]
[Black "Nanescu, Marin"]
[Result "0-1"]
[WhiteElo "1119"]
[BlackElo "1410"]
[PlyCount "82"]
[EventDate "2016.12.26"]
[EventType "swiss"]
[EventRounds "5"]
[EventCountry "CAN"]
[SourceTitle "EXT 2022"]
[Source "ChessBase"]
[SourceDate "2021.10.06"]
[SourceVersion "1"]
[SourceVersionDate "2021.10.06"]
[SourceQuality "1"]

1. e4 e5 2. Nf3 Nc6 3. Bb5 d6 4. d4 exd4 5. Nxd4 Bd7 6. Nxc6 bxc6 7. Bc4 Nf6 8. Nc3 h6 9. Bb3 Be7 10. Bf4 0-0 11. h3 Be6 12. Bxe6 fxe6 13. e5 Nh7 14. Qg4 Kh8 15. Qxe6 Rxf4 16. g3 Ng5 17. Qg6 Nf3+ 18. Ke2 Nxe5 19. Qe6 Rf6 20. Qb3 Qf8 21. f4 Rb8 22. Qa4 Ng6 23. b3 d5 24. Qxa7 Qd8 25. Rhd1 Rf8 26. Rd3 Bf6 27. Qc5 Qd7 28. Rh1 Rfe8+ 29. Kd2 Re7 30. Ne2 Ree8 31. g4 Be7 32. Qf2 Qd6 33. Rg1 Qb4+ 34. c3 Qa3 35. b4 Qxa2+ 36. Ke1 Bd6 37. Rd2 Qa1+ 38. Rd1 Qxc3+ 39. Kf1 Qxh3+ 40. Rg2 Rxb4 41. Ng3 Rxf4 0-1

[Event "Quebec op U1200"]
[Site "Montreal"]
[Date "2016.07.29"]
[Round "8.85"]
[White "Craciun, David"]
[Black "Paquin, Robbie"]
[Result "1-0"]
[WhiteElo "1135"]
[BlackElo "1115"]
[PlyCount "55"]
[EventDate "2016.07.23"]
[EventType "swiss"]
[EventRounds "8"]
[EventCountry "CAN"]
[SourceTitle "EXT 2022"]
[Source "ChessBase"]
[SourceDate "2021.10.06"]
[SourceVersion "1"]
[SourceVersionDate "2021.10.06"]
[SourceQuality "1"]

1. d4 d5 2. e3 Nf6 3. Bd3 e6 4. f4 c5 5. c3 c4 6. Bc2 Be7 7. Nf3 Nc6 8. 0-0 0-0 9. Ne5 Nxe5 10. fxe5 Ne4 11. Nd2 Nxd2 12. Bxd2 f6 13. exf6 Bxf6 14. b3 b5 15. a4 Bd7 16. Qe2 Qc7 17. axb5 Bxb5 18. b4 e5 19. Be1 e4 20. Bg3 Qe7 21. Ba4 a6 22. Ra2 Qd7 23. Rfa1 Bd8 24. Qh5 a5 25. Bxb5 Qxb5 26. Bd6 Qe8 27. Qxd5+ Rf7 28. Qxa8 1-0